| Registos Bibliográficos associados ao registo de autoridade |
|
Etiqueta de registo: 00597cam 2200193 450 001 507661 003 http://id.bnportugal.gov.pt/bib/catbnp/507661 005 19990102000000.0 095 ## $aPTBN00710562 100 ## $a19950328d1690 km y0pory0103 ba 101 0# $afre$aheb 102 ## $aFR 106 ## $ar 200 1# $aMethode d'etudier et d'enseigner la grammaire, et les langues, par rapport a l'Ecriture
Sainte & a la langue Hebraique...$fpar le P.L. Thomassin, prestre de l'Oratoire 210 #9 $aA Paris$cchez François Muguet, Imprimeur du Roy & de Mons. l'Archevesque, ruë de la harpe aux
tris Rois,$d1690 215 ## $a2 vol. ([8!, 1036 p.; 1052 p.)$d8º (19 cm) 305 ## $aNa p. de tít.: «Avec Approbation & Privilege» 321 1# $aICCU$uhttp://www.sbn.it/opacsbn/ 620 ## $dParis 700 #1 $aThomassin,$bLouis,$f1619-1695,$cC.O.$3161707 702 #1 $aMuguet,$bFrançois,$ffl. 1658-1702$4610$399721 801 #0 $aPT$bBN$gRPC 930 ## $lBN$dL. 1238-9 P. 966 ## $lBN$mFGMON$sL. 1238 P. 966 ## $lBN$mFGMON$sL. 1239 P. 997 ## $aBIBEOD
Etiqueta de registo: 00773cam 2200241 450 001 1074730 003 http://id.bnportugal.gov.pt/bib/catbnp/1074730 005 20020122000000.0 100 ## $a20020122d1730 k y0pory0103 ba 101 0# $alat 102 ## $aIT 105 ## $ay z 000yy 106 ## $ar 200 1# $aDogmatum theologicorum de incarnatione Verbi Dei$fLudovico Thomassino 205 ## $aEd. veneta, cui accedunt in calce tomi terti Dissertationes in Concilia... 210 #9 $aVenetiis$cex Typ. Balleoniana,$d1730 215 ## $a3 v. 620 ## $dVeneza 700 #1 $aThomassin,$bLouis,$f1619-1695,$cC.O.$3161707 712 02 $aBaglioni$4610$31652285 801 #0 $aPT$bBN$gRPC 966 ## $b001$dT. 1º$lBN$mFGMON$sR. 4951 A.$x0 966 ## $b001$dT. 2º$lBN$mFGMON$sR. 4952 A.$x0 966 ## $b001$dT. 3º$lBN$mFGMON$sR. 4953 A.$x0 997 ## $aBIBEOD
Etiqueta de registo: 00862cam 22002411 450 001 1074851 003 http://id.bnportugal.gov.pt/bib/catbnp/1074851 005 20020123000000.0 100 ## $a20020123d1864 km y0pory0103 ba 101 0# $afre 102 ## $aFR 200 0# $aAncienne & nouvelle discipline de l'église$fpar Louis Thomassin 205 ## $aNouv. ed. revue, corrigée, et augmentée 210 #9 $aBar-le-Duc$cL. Guérin & Cie.,$d1864 215 ## $a6 v. 518 1# $aAncienne et nouvelle discipline de l'église 700 #1 $aThomassin,$bLouis,$f1619-1695,$cC.O.$3161707 801 #0 $aPT$bBN$gRPC 966 ## $b001$dT. 1º$lBN$mFGMON$sR. 5014 A.$x0 966 ## $b001$dT. 2º$lBN$mFGMON$sR. 5015 A.$x0 966 ## $b001$dT. 3º$lBN$mFGMON$sR. 5016 A.$x0 966 ## $b001$dT. 4º$lBN$mFGMON$sR. 5017 A.$x0 966 ## $b001$dT. 5º$lBN$mFGMON$sR. 5018 A.$x0 966 ## $b001$dT. 6º$lBN$mFGMON$nVol. incompleto$sR. 5019 A.$x0 997 ## $aBIBEOD
Etiqueta de registo: 00754cam 2200217 450 001 1075568 003 http://id.bnportugal.gov.pt/bib/catbnp/1075568 005 20020131165400.0 100 ## $a20020131d1773 k y0pory0103 ba 101 0# $alat 102 ## $aIT 200 1# $aVetus et nova ecclesiae disciplina circa beneficia, & beneficiarios$ein tres partes distributa...$fauthore... Ludovico Thomassino 205 ## $aEd. postrema, cum Parisiensi accuratissime collata 210 #9 $aVenetiis$cTypis Petri Savioni,$d1773 215 ## $a3 v. 620 ## $dVeneza 700 #1 $aThomassin,$bLouis,$f1619-1695,$cC.O.$3161707 702 #1 $aSavioni,$bPietro$4610$3204579 801 #0 $aPT$bBN$gRPC 966 ## $b001$dT. 1º$lBN$mFGMON$sR. 5350 A.$x0 966 ## $b001$dT. 2º$lBN$mFGMON$sR. 5351 A.$x0 966 ## $b001$dT. 3º$lBN$mFGMON$sR. 5352 A.$x0 997 ## $aBIBEOD
Etiqueta de registo: 00737cam 2200217 450 001 1075573 003 http://id.bnportugal.gov.pt/bib/catbnp/1075573 005 20020131000000.0 100 ## $a20020131d1766 k y0pory0103 ba 101 0# $alat 102 ## $aIT 200 1# $aVetus et nova ecclesiae disciplina circa beneficia, & beneficiarios$ein tres partes distributa...$fauthore... Ludovico Thomassino... 205 ## $aEd. omnium novissima... 210 #9 $aVenetiis$cex Typ. Balleoniana,$d1766 215 ## $a3 v. 620 ## $dVeneza 700 #1 $aThomassin,$bLouis,$f1619-1695,$cC.O.$3161707 712 02 $aBaglioni$4610$31652285 801 #0 $aPT$bBN$gRPC 966 ## $b001$dT. 1º$lBN$mFGMON$sR. 5359 A.$x0 966 ## $b001$dT. 2º$lBN$mFGMON$sR. 5360 A.$x0 966 ## $b001$dT. 3º$lBN$mFGMON$sR. 5361 A.$x0 997 ## $aBIBEOD
Etiqueta de registo: 00656cam 2200205 450 001 1079824 003 http://id.bnportugal.gov.pt/bib/catbnp/1079824 005 20020325175400.0 100 ## $a20020325d1697 k y0pory0103 ba 101 0# $alat 102 ## $aFR 105 ## $ay z 000yy 106 ## $ar 200 1# $aGlossarium universale hebraicum, quo ad hebraicae linguae fontes$elinguae et dialecti pene omnes revocantur$fauctore Ludovico Thomassino... 210 #9 $aParisiis$cTyp. Regia,$d1697 215 ## $a[16], [1] est., CII, [2] p., 1050 colns., [1] p. 620 ## $dParis 700 #1 $aThomassin,$bLouis,$f1619-1695,$cC.O.$3161707 712 02 $aTypographia Regia$c(Paris)$4610$360623 801 #0 $aPT$bBN$gRPC 966 ## $lBN$mFGMON$sR. 6344 A.$x0 997 ## $aBIBEOD
Etiqueta de registo: 00737cam 2200217 450 001 1075571 003 http://id.bnportugal.gov.pt/bib/catbnp/1075571 005 20020131000000.0 100 ## $a20020131d1752 k y0pory0103 ba 101 0# $alat 102 ## $aIT 200 1# $aVetus et nova ecclesiae disciplina circa beneficia, & beneficiarios$edistributa in tres partes sive tomos...$fauthore... Ludovico Thomassino 205 ## $aEd. tertia italica 210 #9 $aVenetiis$cTyp. Balleoniana,$d1752 215 ## $a3 v. 620 ## $dVeneza 700 #1 $aThomassin,$bLouis,$f1619-1695,$cC.O.$3161707 712 02 $aBaglioni$4610$31652285 801 #0 $aPT$bBN$gRPC 966 ## $b001$dT. 1º$lBN$mFGMON$sR. 5356 A.$x0 966 ## $b001$dT. 2º$lBN$mFGMON$sR. 5357 A.$x0 966 ## $b001$dT. 3º$lBN$mFGMON$sR. 5358 A.$x0 997 ## $aBIBEOD
Etiqueta de registo: 00482nam 22001811i 450 001 1257409 003 http://id.bnportugal.gov.pt/bib/catbnp/1257409 100 ## $a20020606d1797 m y0pory0103 ba 101 0# $alat 102 ## $aFR 106 ## $ar 200 1# $aGlossarium universale Hebraicum, quo ad Hebraicae linguae fontes linguae et dialecti
pene omnes revocantur. Auctore Ludovico Thomassino oratorii D.J. presbytero 210 #9 $aParisiis$ce typographia regia,$d1697$eParisiis :$ge typographia regia, curante Joanne Anisson, ejusdem typographiae praefecto,$h1697) 215 ## $a[18], cij p.,1050 coln., [3] p.$cil.$d2º (42 cm) 307 ## $aTexto a duas colns. 316 ## $aEncadernação em mau estado com superlibros não identificado gravado nas pastas$5PTBN: L. 2687 A 317 ## $aPert. na p. de tít.: «LIVRARIA DE ALCOBAÇA»$5PTBN: L. 2687 A. 620 ## $dParis 700 #1 $aThomassin,$bLouis,$f1619-1695,$cC.O.$3161707 702 #1 $aAnisson,$bJean,$ffl. 1672-1707$4610$357378 712 02 $aOrdem de Cister.$bMosteiro de Santa Maria$c(Alcobaça)$4390$38402 712 02 $aImprimerie Royale$c(Paris)$4610$359715 801 #0 $aPT$bBN$gRPC 801 #1 $aFR$bJOUVE 966 ## $lBN$mFGMON$sL. 2686 A.$x0 966 ## $lBN$mFGMON$sL. 2687 A.$x0 997 ## $aBIBEOD
Etiqueta de registo: 00455nam 22001451i 450 001 1276632 003 http://id.bnportugal.gov.pt/bib/catbnp/1276632 100 ## $a20020801d1695 m y0pory0103 ba 101 0# $afre 102 ## $aFR 105 ## $ay z 000yy 106 ## $ar 200 1# $aTraité de l'aumône ou du bon usage des biens temporels, tant pour les Laïques, que
pour les Ecclesiastiques$fpar le R. P. Louis Thomassin... 210 #1 $aA Paris$cchez L. Roulland,$d1695 215 ## $a1 v. 700 #1 $aThomassin,$bLouis,$f1619-1695,$cC.O.$3161707 801 #0 $aPT$bBN 801 #1 $aFR$bJOUVE 966 ## $lBN$mFGMON$sR. 4296 P.$x0 997 ## $aBIBEOD
Etiqueta de registo: 00254nam 2200025 450 001 2285206 003 http://id.bnportugal.gov.pt/bib/catbnp/2285206 100 ## $a20260424d1728 m y0pory01030103ba 101 0# $alat 102 ## $aIT 105 ## $ay z 000yy 106 ## $ar 200 1# $aDissertationum in concilia generalia et particularia.$htomus singularis$fauthore Ludouico Thomassino... 210 #9 $aLucae$csumptibus Leonardi Venturini,$d1728 215 ## $a[32], 472 p.$d2º (34 cm) 307 ## $aF. de rosto impressa a preto e vermelho, tendo ao centro o escudo calcogr. do cardeal
Giulio Alberoni, dedicatário da obra 307 ## $aTexto impresso a 2 colns. 307 ## $aAssin.: [ ]//4, a-c//4, A-Nnn//4 312 ## $aTít. no anterrosto: Dissertationes, commentarii, notae, in concilia tum generalia,
tum particularia 316 ## $aExemplar em mau estado$5PTBN: S.C. 6587 A. 321 ## $aICCU IT\ICCU\SBLE\015371 517 1# $aDissertationes, commentarii, notae, in concilia tum generalia, tum particularia 620 ## $dLucca 700 #1 $aThomassin,$bLouis,$f1619-1695,$cC.O.$3161707 702 #1 $aVenturini,$bLeonardo,$ffl. 1725$4610$31039459 801 #0 $aPT$bBN$gRPC 856 40 $2Cópia digital disponível em Google Books$uhttps://books.google.pt/books?id=qMvHgH8f_UIC&hl=pt-PT&pg=PP7#v=onepage&q&f=false 966 ## $lBN$mFGMON$sS.C. 6587 A. 971 ## $cpmesqui$d20260424 997 ## $aBIBEOD
Etiqueta de registo: 00254nam 2200025 450 001 2285197 003 http://id.bnportugal.gov.pt/bib/catbnp/2285197 100 ## $a20260424d1728 m y0pory01030103ba 101 0# $alat 102 ## $aIT 105 ## $ay z 000yy 106 ## $ar 200 1# $aVetus et noua Ecclesiae disciplina circa beneficia, et beneficiarios$edistributa in tres partes, siue tomos, quae & ipsae in tres libros singulae distributae
sunt.$hPars prima [-tertia]...$fauthore, eodemque interprete Ludouico Thomassino ortatorii gallicani presbytero... 205 ## $aEditio prima Italica, variis Animadversionibus locupletata 210 #9 $aLucae$csumptibus Leonardi Venturini,$d1728 215 ## $a3 v.$d2º (34 cm) 305 ## $aA menção de ed. precede a indicação de autoria 306 ## $aMarca do impressor nas f. de rosto dos tomos 2 e 3 307 ## $aF. de rosto do tomo 1 impressa a preto e vermelho, tendo ao centro o escudo calcogr.
do cardeal Giulio Alberoni, dedicatário da obra 307 ## $aTexto impresso a 2 colns. 316 ## $aExemplares em mau estado. - F. de rosto do t. 1 sem o escudo calcogr., recortado$5PTBN: S.C. 6584-6586 A. 321 ## $aICCU IT\ICCU\MILE\000101 321 ## $aUniversidad de Salamanca BG/18200-18202 321 ## $aCCPB CCPB000134975-9 ; CCPB000069567-X ; CCPB000877979-1 ; CCPB000069566-1 ; CCPB000069568-8 327 11 $a[V. 1]: Pars prima, sive tomus primus, ubi agitur lib. I. De primo cleri ordine. Lib.
II. De secundo cleri ordine. Lib. III. De clericorum & monachorum congregationibus...
- [52], 848 p. - Assin.: [ ]//4, A2-4A2//4, 5A2//6, A-Ooooo//4 ; [V. 2]: Pars secunda,
sive tomus secundus, ubi agitur lib. I. De vocatione & ordinatione clericorum, de
patronatu, de irregularitatibus & scholis; Lib. II. De episcoporum electione, confirmatione,
ordinatione, cessione, resignatione, translatione; Lib. III. De pluralitate beneficiorum,
de commendis, de dispensationibus, de praecipuis officiis episcoporum... - [12], 915,
[1] p. - Assin.: A2//6, A-Xxxxx//4, Yyyyy//6 ; [V. 3]: Pars tertia, sive tomus tertius,
ubi agitur lib. I. De bonis ecclesiae temporalibus. Lib. II. De eorum distributione.
Lib. III. De canonico & pio eorundem usu... - [8], 659, [1], clxix, [3] p. - Assin.:
A2//4, A-Gggg//4, Hhhh//6, Iiii-Nnnn//4, a-v//4 518 1# $aVetus et nova Ecclesiae disciplina circa beneficia et beneficiarios 620 ## $dLucca 700 #1 $aThomassin,$bLouis,$f1619-1695,$cC.O.$3161707 702 #1 $aVenturini,$bLeonardo,$ffl. 1725$4610$31039459 801 #0 $aPT$bBN$gRPC 856 40 $2Cópia digital do tomo 1 disponível em Manuscriptorium - Biblioteca Nacional da República
Checa$uhttps://www.manuscriptorium.com/apis/resolver-api/en/browser/default/detail?url=https%3A//collectiones.manuscriptorium.com/assorted/NKCR__/NKCR__/A/NKCR__-NKCR__24D000052P1T081O6FA-cs/&imageId=https://imagines.manuscriptorium.com/loris/NKCR__-NKCR__24D000052P1T081O6FA-cs/IMG00000005 856 40 $2Cópia digital do tomo 2 disponível em Manuscriptorium - Biblioteca Nacional da República
Checa$uhttps://www.manuscriptorium.com/apis/resolver-api/en/browser/default/detail?url=https%3A//collectiones.manuscriptorium.com/assorted/NKCR__/NKCR__/0/NKCR__-NKCR__24D000052P2T3NA80H0-cs/&imageId=https://imagines.manuscriptorium.com/loris/NKCR__-NKCR__24D000052P2T3NA80H0-cs/IMG00000007 856 40 $2Cópia digital do tomo 3 disponível em Manuscriptorium - Biblioteca Nacional da República
Checa$uhttps://www.manuscriptorium.com/apis/resolver-api/en/browser/default/detail?url=https%3A//collectiones.manuscriptorium.com/assorted/NKCR__/NKCR__/6/NKCR__-NKCR__24D000052P3T2N05MR6-cs/&imageId=https://imagines.manuscriptorium.com/loris/NKCR__-NKCR__24D000052P3T2N05MR6-cs/IMG00000005 966 ## $dV. 1$lBN$mFGMON$sS.C. 6584 A. 966 ## $dV. 2$lBN$mFGMON$sS.C. 6585 A. 966 ## $dV. 3$lBN$mFGMON$sS.C. 6586 A. 971 ## $cpmesqui$d20260424 997 ## $aBIBEOD
|
|
|